| 000 | 00951nam a22002657i 4500 | ||
|---|---|---|---|
| 003 | EG-ScBUE | ||
| 005 | 20241126093618.0 | ||
| 008 | 220731s2024 ua f 000 j ara d | ||
| 017 | _a27284 | ||
| 020 | _a9789779606057 | ||
| 040 |
_aEG-ScBUE _bara _erda _cEG-ScBUE _dEG-ScBUE |
||
| 082 | 0 | 4 |
_222 _a892.737 _bم ح ر |
| 100 | 1 |
_aمحرم ، طارق ، _d1962- _eمؤلف |
|
| 245 | 1 | 0 |
_aشطرنج : _bمجموعة قصصية / _cطارق محرم |
| 250 | _aالطبعة الأولى | ||
| 264 | 1 |
_aالجيزة، مصر : _bأطياف للنشر والتوزيع، _c2024. |
|
| 300 |
_a84 صفحة ؛ _c18 سم |
||
| 336 |
_2rdacontent _aنص _btxt |
||
| 337 |
_2rdamedia _aبدون وسيط _bn |
||
| 338 |
_2rdacarrier _aمجلد _bnc |
||
| 541 |
_cإهداء ؛ _aدكتور طارق محرم |
||
| 650 | 7 |
_2BUEsh _aالقصص العربية القصيرة _yقرن 21. |
|
| 650 | 7 |
_2BUEsh _aالقصص العربية _yقرن 21. |
|
| 942 | _2ddc | ||
| 999 |
_c30825 _d30796 |
||